000 01311nam a2200301 a 4500
001 BRCA_2503
005 20190320203836.0
008 241108s1856----sp-#---###---#000-0#spa-u
041 _aspa
044 _asp
084 _a143
_b.R64
_c1856
100 1 _aCervantes Saavedra, Miguel de
_d1547-1616
_9213
245 1 0 _aEl Quijote de los niños y para el pueblo
_cMiguel de Cervantes Saavedra.
260 _aMadrid
_bJosé Rodríguez
_c1856
300 _a537 p.
_c16 cm.
500 _aContenido : Primera parte. Prólogo del editor. Texto abreviado. Segunda parte. Texto abreviado
500 _aEdición : Abreviado por un entusiasta de su autor [Fernando de Castro]
500 _aEdición más abreviada aún que a la LO-142. Así el texto de la primera parte lo reduce a 20 capítulos, y el de la segunda, a 34. Semipiel; lomera decorada con letras y iletes dorados Lúdovik Osterc
500 _aEstado físico : Firma en el canto lateral
500 _aQM1510
650 1 4 _aNovela española
_yÉpoca clásica, 1500-1700
_9215
650 1 4 _aLiteratura española
_yÉpoca clásica, 1500-1700
_9216
650 1 4 _aNovela española
_ySiglo XVII
_9217
650 1 4 _aDon Quijote (Personaje ficticio)
_eNovela
_9218
740 0 _aEl Ingenioso Hidalgo Don Quijote de la Mancha
902 _aQFM
942 _2lcc
_cB
999 _c2244
_d2244